Detalles MARC
| 000 -CABECERA |
| campo de control de longitud fija |
00886nam a2200253 i 4500 |
| 003 - IDENTIFICADOR DEL NÚMERO DE CONTROL |
| campo de control |
DO-SdBNP |
| 005 - FECHA Y HORA DE LA ÚLTIMA TRANSACCIÓN |
| campo de control |
20250129073606.0 |
| 007 - CAMPO FIJO DE DESCRIPCIÓN FÍSICA--INFORMACIÓN GENERAL |
| campo de control de longitud fija |
ta |
| 008 - DATOS DE LONGITUD FIJA--INFORMACIÓN GENERAL |
| campo de control de longitud fija |
221207e199? dr a|||gr|||| 00| 0 spa d |
| 040 ## - FUENTE DE LA CATALOGACIÓN |
| Centro catalogador/agencia de origen |
DO-SdBNP |
| Lengua de catalogación |
spa |
| Centro/agencia transcriptor |
BNPHU |
| Normas de descripción |
rda |
| 082 #4 - NÚMERO DE LA CLASIFICACIÓN DECIMAL DEWEY |
| Número de clasificación |
xxx |
| Número de documento/Ítem |
R426a |
| Número de edición |
22 |
| 100 1# - ENTRADA PRINCIPAL--NOMBRE DE PERSONA |
| Nombre de persona |
Balcácer, Juan Daniel, |
| Fechas asociadas al nombre |
1949- |
| Término indicativo de función/relación |
autor |
| 9 (RLIN) |
6566 |
| 245 10 - MENCIÓN DE TÍTULO |
| Título |
Acerca de la Bandera Dominicana. / |
| Mención de responsabilidad, etc. |
Juan Daniel Balcácer |
| 264 ## - PRODUCCIÓN, PUBLICACIÓN, DISTRIBUCIÓN, FABRICACIÓN Y COPYRIGHT |
| Producción, publicación, distribución, fabricación y copyright |
Santo Domingo : |
| Nombre del de productor, editor, distribuidor, fabricante |
Gobierno de Concentración Nacional, |
| Fecha de producción, publicación, distribución, fabricación o copyright |
[fecha de reproducción no identificada] |
| 300 ## - DESCRIPCIÓN FÍSICA |
| Extensión |
32 página : |
| Otras características físicas |
ilustración ; |
| Dimensiones |
16 cm. |
| 336 ## - TIPO DE CONTENIDO |
| Término de tipo de contenido |
rdacontent |
| Código de tipo de contenido |
texto |
| Fuente |
txt |
| 337 ## - TIPO DE MEDIO |
| Nombre/término del tipo de medio |
rdamedia |
| Código del tipo de medio |
sin mediación |
| Fuente |
n |
| 338 ## - TIPO DE SOPORTE |
| Nombre/término del tipo de soporte |
rdacarrier |
| Código del tipo de soporte |
volumen |
| Fuente |
na |
| 590 ## - NOTA LOCAL (RLIN) |
| Nota local |
Inventariado 2022 / MF |
| 650 #4 - PUNTO DE ACCESO ADICIONAL DE MATERIA--TÉRMINO DE MATERIA |
| 9 (RLIN) |
10404 |
| Término de materia o nombre geográfico como elemento de entrada |
Emblemas Nacionales |
| Subdivisión geográfica |
República Dominicana |
| 650 #4 - PUNTO DE ACCESO ADICIONAL DE MATERIA--TÉRMINO DE MATERIA |
| 9 (RLIN) |
54220 |
| Término de materia o nombre geográfico como elemento de entrada |
Banderas |
| Subdivisión general |
Historia |
| Subdivisión geográfica |
República Dominicana |
| 910 ## - DATOS DE OPCIÓN DEL USUARIO (OCLC) |
| Datos de opción del usuario |
MFeliz |
| 942 ## - ELEMENTOS DE PUNTO DE ACCESO ADICIONAL (KOHA) |
| Fuente del sistema de clasificación o colocación |
Dewey Decimal Classification |
| Tipo de ítem Koha |
Folleto |